Biggest Cities in the European Union by Letter - Q - Statistics

General Stats
  • This quiz has been taken 94 times
  • The average score is 3 of 20
Answer Stats
Rank Population Country Hint City % Correct
3 64,000 France Capital of Finistère, faience Quimper
75%
4 41,000 Italy Italian for "fourth", Campania Quarto
38%
1 75,000 Portugal Greater Lisbon, Rococo palace Queluz
37%
19 12,000 France Add "Lé" to 3) Quimperlé
25%
9 21,000 Germany North of Hamburg, Name= Fast+Becoming alive Quickborn
24%
2 71,000 Italy Third-biggest in Sardinia, nuraghi Quartu Sant'Elena
19%
7 25,000 Italy Demonym: Qualianesi Qualiano
16%
6 25,000 Germany Harz mountains, half-timbered buildings Quedlinburg
14%
10 16,000 Malta Also known as Città Pinto, George Abela Qormi
10%
11 16,000 Portugal Algarve, Vilamoura, Marchas Populares Quarteira
10%
18 11,000 Spain From Latin 'one fifth' Quintanar de la Orden
8%
13 13,000 Germany Samtgemeinde, Artland Dragons, Hohe Pforte Quakenbrück
6%
17 11,000 Germany Saint Bruno (Apostle of the Prussians) Querfurt
6%
14 13,000 Germany Saarland, Quierschder Wambe Quierschied
6%
5 26,000 Italy British Cycling academy training base, Mark Cavendish Quarrata
5%
8 25,000 Spain Turia river, Horta Oest Quart de Poblet
5%
16 13,000 Italy Sant'Antonino Martire, Oratory of the Madonna della Battaglia Quattro Castella
3%
20 10,000 France Côte-d'Or, Ville Fleurie Quetigny
3%
12 19,000 Belgium Walloon municpality in Hainaut Quaregnon
2%
15 13,000 Italy Vandals, Cagliari, Sa Dom'è s'Orcu Quartucciu
2%
No matching quizzes found
Score Distribution
Percent of People with Each Score
Percentile by Number Answered
Your Score History
You have not taken this quiz